000 00521cam a2200193ua 4500
020 _c55.00
041 _aeng
_h
082 _a628.4
_bDRI/IN
100 _aDrinker, Philip .
245 _aIndustrial dust: Hygenic significance, measurement and control /
_cPhilip Drinker.
_hTextual Documents
250 _a1 /
_b.
260 _aNew York :
_bMcGraw Hill Book Company ,
_c1954.
300 _a401 ; .
365 _a55.00
504 _a
700 1 _aHatch, Theodore .
942 _cBK
999 _c11095
_d11095